[Event "OP-2013-0-03048"]
[Site "LSS email"]
[Date "2013.10.09"]
[Round "?"]
[White "Vontina, Maria"]
[Black "Wang, Garry"]
[Result "0-1"]
[WhiteElo "717"]
[BlackElo "967"]
[PlyCount "44"]
[EventDate "2013.10.05"]
[EventType "tourn (corr)"]
[EventRounds "4"]
[EventCountry "GER"]
[SourceTitle "Telechess CBM 167"]
[Source "ChessBase"]
[SourceDate "2015.07.13"]
[SourceVersion "1"]
[SourceVersionDate "2015.07.13"]
[SourceQuality "1"]

1. e4 c5 2. Nf3 d6 3. d4 cxd4 4. Nxd4 Nf6 5. Nc3 a6 6. Bg5 e6 7. f4 Be7 8. Qf3 Qc7 9. g4 Nbd7 10. 0-0-0 b5 11. Bxf6 Nxf6 12. g5 Nd7 13. a3 Bb7 14. Bh3 Qb6 15. Nb3 b4 16. axb4 Qxb4 17. Rhe1 a5 18. Qe3 a4 19. Nd4 a3 20. bxa3 Rxa3 21. Kd2 Nc5 22. Rb1 Nxe4+ 0-1

[Event "OP-2013-0-03035"]
[Site "LSS email"]
[Date "2013.10.02"]
[Round "?"]
[White "Lauer, Fredric"]
[Black "Wang, Garry"]
[Result "0-1"]
[WhiteElo "1124"]
[BlackElo "1035"]
[PlyCount "39"]
[EventDate "2013.09.29"]
[EventType "tourn (corr)"]
[EventRounds "4"]
[EventCountry "GER"]
[SourceTitle "Telechess CBM 163"]
[Source "ChessBase"]
[SourceDate "2014.11.11"]
[SourceVersion "2"]
[SourceVersionDate "2014.11.11"]
[SourceQuality "1"]

1. Nf3 Nf6 2. g3 d5 3. Bg2 c5 4. 0-0 Nc6 5. d4 c4 6. c3 Bg4 7. Nbd2 e6 8. h3 Bh5 9. Ne5 Bd6 10. Ndxc4 dxc4 11. Nxc6 bxc6 12. Bxc6+ Kf8 13. Bxa8 Qxa8 14. Bg5 h6 15. Bxf6 gxf6 16. Kh2 Qe4 17. f3 Qe3 18. Rc1 Rg8 19. Rc2 Rxg3 20. Kh1 0-1

[Event "CP-2013-P-00029"]
[Site "LSS email"]
[Date "2013.09.30"]
[Round "?"]
[White "Almeida, Ramiro da Costa"]
[Black "Wang, Garry"]
[Result "1-0"]
[WhiteElo "2115"]
[BlackElo "967"]
[PlyCount "43"]
[EventDate "2013.10.01"]
[EventType "tourn (corr)"]
[EventRounds "6"]
[EventCountry "GER"]
[SourceTitle "Corr 2015"]
[Source "ChessBase"]
[SourceDate "2015.07.17"]
[SourceVersion "1"]
[SourceVersionDate "2015.07.17"]
[SourceQuality "1"]

1. e4 c5 2. c4 Nc6 3. Nf3 g6 4. d4 cxd4 5. Nxd4 Bg7 6. Be3 d6 7. Nc3 Nf6 8. Be2 0-0 9. 0-0 a6 10. Rc1 Bd7 11. f4 Qc7 12. Bf3 Rac8 13. Nd5 Qd8 14. Ne2 Ng4 15. Bb6 Qe8 16. c5 Bxb2 17. cxd6 exd6 18. Nec3 Bxc1 19. Bxg4 f5 20. exf5 Bxf5 21. Bxf5 Rxf5 22. Qb3 1-0

[Event "CP-2013-P-00029"]
[Site "LSS email"]
[Date "2013.09.30"]
[Round "?"]
[White "Meissner, Ruediger"]
[Black "Wang, Garry"]
[Result "1-0"]
[WhiteElo "2044"]
[BlackElo "967"]
[PlyCount "66"]
[EventDate "2013.10.01"]
[EventType "tourn (corr)"]
[EventRounds "6"]
[EventCountry "GER"]
[SourceTitle "Corr 2015"]
[Source "ChessBase"]
[SourceDate "2015.07.17"]
[SourceVersion "1"]
[SourceVersionDate "2015.07.17"]
[SourceQuality "1"]

1. e4 c5 2. Nf3 d6 3. c3 Nf6 4. h3 Nc6 5. Bd3 g6 6. 0-0 Bg7 7. Bc2 0-0 8. d4 cxd4 9. cxd4 Nb4 10. Bb3 d5 11. e5 Ne4 12. Nc3 Nxc3 13. bxc3 Nc6 14. Nh2 h5 15. Nf3 e6 16. g4 hxg4 17. hxg4 f6 18. Qd3 fxe5 19. Ng5 Qe7 20. Qh3 Bf6 21. Ba3 Qg7 22. Bxf8 Kxf8 23. f4 e4 24. Nh7+ Kg8 25. Nxf6+ Qxf6 26. f5 exf5 27. Bxd5+ Kg7 28. Rf2 Nxd4 29. cxd4 Qxd4 30. Rc1 Bd7 31. gxf5 Qxd5 32. f6+ Kg8 33. Qh6 Qf7 1-0

[Event "CP-2013-P-00029"]
[Site "LSS email"]
[Date "2013.09.30"]
[Round "?"]
[White "Wang, Garry"]
[Black "Pluemmer, Rolf"]
[Result "0-1"]
[WhiteElo "967"]
[BlackElo "2141"]
[PlyCount "40"]
[EventDate "2013.10.01"]
[EventType "tourn (corr)"]
[EventRounds "6"]
[EventCountry "GER"]
[SourceTitle "Corr 2015"]
[Source "ChessBase"]
[SourceDate "2015.07.17"]
[SourceVersion "1"]
[SourceVersionDate "2015.07.17"]
[SourceQuality "1"]

1. d4 e6 2. c4 Nf6 3. Nc3 Bb4 4. e3 c5 5. Nf3 b6 6. Bd3 Bb7 7. 0-0 0-0 8. a3 Bxc3 9. bxc3 Be4 10. Re1 Nc6 11. Qc2 Bxf3 12. gxf3 Rc8 13. Kg2 Na5 14. Qa4 d5 15. cxd5 Nxd5 16. Bb2 Qg5+ 17. Kh1 c4 18. Bf1 Nb3 19. Rad1 Qf5 20. Be2 b5 0-1

[Event "LSS No Engine Cup 93 Preliminary 3"]
[Site "LSS email"]
[Date "2013.08.28"]
[Round "?"]
[White "Wang, Garry"]
[Black "Ivanchenko, Petr"]
[Result "0-1"]
[WhiteElo "967"]
[BlackElo "1702"]
[PlyCount "46"]
[EventDate "2013.08.29"]
[EventType "tourn (corr)"]
[EventRounds "6"]
[EventCountry "GER"]
[SourceTitle "Telechess CBM 167"]
[Source "ChessBase"]
[SourceDate "2015.07.13"]
[SourceVersion "1"]
[SourceVersionDate "2015.07.13"]
[SourceQuality "1"]

1. d4 Nf6 2. c4 e6 3. Nc3 Bb4 4. e3 0-0 5. Nf3 c5 6. Bd3 d5 7. a3 Bxc3+ 8. bxc3 Nc6 9. 0-0 b6 10. Qe2 Ba6 11. cxd5 Bxd3 12. Qxd3 Qxd5 13. c4 Qe4 14. Qxe4 Nxe4 15. Bb2 Rfd8 16. Rfd1 Na5 17. Rac1 cxd4 18. exd4 Rac8 19. c5 Nb3 20. Rb1 bxc5 21. dxc5 Rxd1+ 22. Rxd1 Nexc5 23. Nd4 Rd8 0-1

[Event "ZN-2013-0-02420"]
[Site "LSS email"]
[Date "2013.08.21"]
[Round "?"]
[White "Wang, Garry"]
[Black "Bearce, Harold L"]
[Result "1-0"]
[WhiteElo "1033"]
[BlackElo "575"]
[PlyCount "53"]
[EventDate "2013.08.16"]
[EventType "match (corr)"]
[EventRounds "2"]
[EventCountry "GER"]
[SourceTitle "Telechess CBM 163"]
[Source "ChessBase"]
[SourceDate "2014.11.11"]
[SourceVersion "2"]
[SourceVersionDate "2014.11.11"]
[SourceQuality "1"]

1. d4 d5 2. c4 c6 3. Nc3 e6 4. e4 dxe4 5. Nxe4 Be7 6. Nf3 Nf6 7. Ng3 0-0 8. Be2 Nbd7 9. 0-0 Nb6 10. a4 a5 11. Bf4 Bd6 12. Ne5 Nbd7 13. Nxf7 Rxf7 14. Bxd6 Ne8 15. Ba3 Nef6 16. Bf3 Nb6 17. b3 Rd7 18. Bb2 Rf7 19. Qe2 Nbd7 20. Rad1 Re7 21. Rfe1 Kf8 22. Ba3 c5 23. dxc5 Kg8 24. c6 bxc6 25. Bxe7 Qxe7 26. Bxc6 Nc5 27. Bxa8 1-0

[Event "RN-2013-0-00681"]
[Site "LSS email"]
[Date "2013.08.11"]
[Round "?"]
[White "Linart, Ludvik"]
[Black "Wang, Garry"]
[Result "0-1"]
[WhiteElo "920"]
[BlackElo "1035"]
[PlyCount "38"]
[EventDate "2013.08.05"]
[EventType "tourn (corr)"]
[EventRounds "6"]
[EventCountry "GER"]
[SourceTitle "Corr 2015"]
[Source "ChessBase"]
[SourceDate "2015.07.17"]
[SourceVersion "1"]
[SourceVersionDate "2015.07.17"]
[SourceQuality "1"]

1. d4 d5 2. c4 c6 3. cxd5 cxd5 4. Nc3 Nf6 5. Nf3 Bf5 6. e3 e6 7. Bb5+ Nc6 8. Ne5 Qc7 9. Qa4 Rc8 10. f3 Bd6 11. Nxc6 bxc6 12. Ba6 Rb8 13. 0-0 Rb4 14. Qd1 Bxh2+ 15. Kh1 h5 16. f4 Bg3 17. Qf3 h4 18. a3 Rb6 19. Be2 Bg4 0-1

[Event "RN-2013-0-00681"]
[Site "LSS email"]
[Date "2013.08.11"]
[Round "?"]
[White "Wang, Garry"]
[Black "Goti, Javier"]
[Result "1-0"]
[WhiteElo "1035"]
[BlackElo "672"]
[PlyCount "59"]
[EventDate "2013.08.05"]
[EventType "tourn (corr)"]
[EventRounds "6"]
[EventCountry "GER"]
[SourceTitle "Telechess CBM 163"]
[Source "ChessBase"]
[SourceDate "2014.11.11"]
[SourceVersion "2"]
[SourceVersionDate "2014.11.11"]
[SourceQuality "1"]

1. d4 g6 2. c4 Bg7 3. Nc3 Nf6 4. e4 d6 5. f3 0-0 6. Be3 c5 7. d5 e6 8. Bd3 Ne8 9. Nge2 exd5 10. cxd5 f5 11. 0-0 fxe4 12. fxe4 Bg4 13. Qd2 Rxf1+ 14. Rxf1 Nd7 15. h3 Ne5 16. hxg4 Qh4 17. g5 Ng4 18. Bf4 h6 19. Nb5 hxg5 20. Bg3 Qh6 21. Nxd6 Nxd6 22. Bxd6 b6 23. Rf3 Bf6 24. Rh3 Qg7 25. Bg3 Ne5 26. Bxe5 Bxe5 27. Qxg5 Bxb2 28. d6 Bf6 29. Qd5+ Qf7 30. Qxa8+ 1-0

[Event "RN-2013-0-00681"]
[Site "LSS email"]
[Date "2013.08.11"]
[Round "?"]
[White "Wang, Garry"]
[Black "Hinestroza, Douglas"]
[Result "1-0"]
[WhiteElo "1035"]
[BlackElo "740"]
[PlyCount "67"]
[EventDate "2013.08.05"]
[EventType "tourn (corr)"]
[EventRounds "6"]
[EventCountry "GER"]
[SourceTitle "Telechess CBM 163"]
[Source "ChessBase"]
[SourceDate "2014.11.11"]
[SourceVersion "2"]
[SourceVersionDate "2014.11.11"]
[SourceQuality "1"]

1. d4 d5 2. c4 c6 3. Nc3 e6 4. e4 dxe4 5. Nxe4 Nf6 6. Bg5 Nbd7 7. Nxf6+ Nxf6 8. Nf3 Be7 9. Bd3 b6 10. 0-0 0-0 11. Qc2 Bb7 12. Bxf6 Bxf6 13. Bxh7+ Kh8 14. Rad1 Qc7 15. Be4 Rad8 16. Rd3 Rd7 17. Rfd1 Rfd8 18. Ne5 Bxe5 19. dxe5 Rxd3 20. Rxd3 Rxd3 21. Qxd3 g6 22. f4 c5 23. Bxb7 Qxb7 24. Kf2 Kg7 25. b3 Qc7 26. Kg3 a6 27. h4 Kf8 28. Qd2 Ke7 29. Kg4 Kf8 30. g3 Ke7 31. Kg5 Kf8 32. Qd6+ Qe7+ 33. Qxe7+ Kxe7 34. g4 1-0

[Event "OP-2013-0-02909"]
[Site "LSS email"]
[Date "2013.07.28"]
[Round "?"]
[White "Wang, Garry"]
[Black "Raines, David T"]
[Result "1-0"]
[WhiteElo "1033"]
[BlackElo "999"]
[PlyCount "65"]
[EventDate "2013.07.25"]
[EventType "tourn (corr)"]
[EventRounds "4"]
[EventCountry "GER"]
[SourceTitle "Telechess CBM 161"]
[Source "ChessBase"]
[SourceDate "2014.07.16"]
[SourceVersion "1"]
[SourceVersionDate "2014.07.16"]
[SourceQuality "1"]

1. d4 d5 2. c4 c6 3. Nc3 Nf6 4. Nf3 g6 5. e3 Bg7 6. Bd3 0-0 7. 0-0 Bg4 8. h3 Bxf3 9. Qxf3 dxc4 10. Bxc4 Nbd7 11. Rd1 Nb6 12. Bb3 Nbd5 13. e4 Nxc3 14. bxc3 Qa5 15. Bd2 Qc7 16. Bf4 Qa5 17. Rac1 Rad8 18. e5 Nd5 19. Bg5 Rde8 20. Bd2 Qc7 21. c4 Nb6 22. c5 Na8 23. e6 f5 24. Bf4 Qc8 25. d5 cxd5 26. Bxd5 Rd8 27. Bxb7 Qxe6 28. Bd5 Rxd5 29. Rxd5 Rc8 30. c6 Nb6 31. Ra5 Ra8 32. c7 Bf6 33. Qxa8+ 1-0

[Event "OP-2013-0-02872"]
[Site "LSS email"]
[Date "2013.07.09"]
[Round "?"]
[White "Wang, Garry"]
[Black "Dlugolecki, Grzegorz"]
[Result "1/2-1/2"]
[WhiteElo "1033"]
[BlackElo "1601"]
[PlyCount "108"]
[EventDate "2013.07.07"]
[EventType "tourn (corr)"]
[EventRounds "4"]
[EventCountry "GER"]
[SourceTitle "Telechess CBM 161"]
[Source "ChessBase"]
[SourceDate "2014.07.16"]
[SourceVersion "1"]
[SourceVersionDate "2014.07.16"]
[SourceQuality "1"]

1. d4 b5 2. e4 Bb7 3. f3 a6 4. a4 b4 5. Bd3 e6 6. Be3 d6 7. Ne2 Be7 8. 0-0 Nf6 9. c4 e5 10. d5 a5 11. Nd2 h6 12. Nb3 Nfd7 13. Qd2 c5 14. f4 Bh4 15. Rf3 exf4 16. Bxf4 Bg5 17. Raf1 0-0 18. Ng3 Ne5 19. Re3 Bc8 20. Nf5 Bxf4 21. Rxf4 Bxf5 22. Rxf5 Nbd7 23. Rg3 Ng6 24. Qe3 Qe7 25. Nd2 Rfe8 26. Nf3 Nf6 27. Nd2 Nh4 28. Rf1 Kh8 29. Rh3 Ng6 30. Rf5 Kg8 31. Rg3 Kh8 32. Rh3 Ra6 33. Qf2 Kg8 34. Rhf3 Ne5 35. Rxf6 gxf6 36. Rg3+ Ng6 37. Nf3 Kh7 38. e5 dxe5 39. Nd2 f5 40. Bxf5 Kh8 41. Ne4 Nf4 42. Rf3 Rg8 43. g3 Qh4 44. Kh1 Qh5 45. Nxc5 Rf6 46. Be4 Nh3 47. Qe3 Rxf3 48. Qxf3 Qg5 49. Qf1 Rc8 50. Qxf7 Qc1+ 51. Kg2 Nf4+ 52. gxf4 Rg8+ 53. Bg6 Qc2+ 54. Kf3 Rxg6 1/2-1/2

[Event "OP-2013-0-02865"]
[Site "LSS email"]
[Date "2013.07.06"]
[Round "?"]
[White "Winkler, Matthias"]
[Black "Wang, Garry"]
[Result "1-0"]
[WhiteElo "1611"]
[BlackElo "1033"]
[PlyCount "69"]
[EventDate "2013.07.03"]
[EventType "tourn (corr)"]
[EventRounds "4"]
[EventCountry "GER"]
[SourceTitle "Telechess CBM 161"]
[Source "ChessBase"]
[SourceDate "2014.07.16"]
[SourceVersion "1"]
[SourceVersionDate "2014.07.16"]
[SourceQuality "1"]

1. e4 c5 2. Nf3 d6 3. Nc3 Nf6 4. Bc4 Nc6 5. 0-0 g6 6. d3 Bg7 7. h3 0-0 8. Bg5 h6 9. Be3 a6 10. Re1 e5 11. Nd5 b5 12. Nxf6+ Qxf6 13. Bd5 Bb7 14. Qd2 Kh7 15. Ng5+ hxg5 16. Bxg5 Bh6 17. Bxh6 Rfe8 18. Bg5 Qg7 19. Re3 f6 20. Bxf6 Qxf6 21. Rf3 Qxf3 22. gxf3 Nd4 23. Kg2 Bxd5 24. exd5 Rf8 25. Qa5 Nxc2 26. Qc7+ Kh6 27. Rc1 Nb4 28. Qxd6 Nxd3 29. Rg1 Rfd8 30. Qc6 Rdc8 31. Qf6 Nf4+ 32. Kf1 Re8 33. h4 Rf8 34. Qg5+ Kh7 35. h5 1-0